[Event "2. Open Sant Adria de Besos 2018 - B"]
[Site "Sant Adria de Besos ESP"]
[Date "2018.08.16"]
[Round "9.1"]
[White "Hill Guell, Pau"]
[Black "Hovakimyan, Narek"]
[Result "0-1"]
[WhiteElo "1868"]
[BlackElo "1851"]
[PlyCount "84"]
[EventDate "2018.08.10"]
[EventType "swiss"]
[EventRounds "9"]
[EventCountry "ESP"]
[SourceTitle "Ajedrez en Madrid"]
[Source "lmi"]
[SourceDate "2018.08.10"]
[SourceVersion "1"]
[SourceVersionDate "2019.07.09"]
[SourceQuality "1"]

1. e4 c6 2. d4 d5 3. e5 Bf5 4. h4 h6 5. Bd3 Bxd3 6. Qxd3 e6 7. Ne2 Nd7 8. Nd2
Ne7 9. c3 Qc7 10. h5 c5 11. b3 Nc6 12. a3 O-O-O 13. Bb2 Kb8 14. Nf4 Be7 15. b4
cxb4 16. cxb4 Bxb4 17. axb4 Nxb4 18. Qc3 Nc2+ 19. Ke2 Qxc3 20. Bxc3 Nxa1 21.
Rxa1 b6 22. Bb4 Rc8 23. Ra3 a5 24. Bd6+ Kb7 25. Rg3 Rhg8 26. Kd1 Nb8 27. Bxb8
Kxb8 28. Ne2 Kb7 29. Nc3 Ka6 30. f4 g6 31. hxg6 fxg6 32. Kc2 Rcf8 33. Rf3 Rf7
34. g4 Rgf8 35. Ne2 a4 36. Rc3 Re7 37. Kd3 Rg8 38. Rc6 Kb5 39. Rd6 Rc8 40. Ke3
Ka5 41. Nf3 Rec7 42. Kf2 Rc2 0-1

[Event "2. Open Sant Adria de Besos 2018 - B"]
[Site "Sant Adria de Besos ESP"]
[Date "2018.08.16"]
[Round "9.2"]
[White "Onyango, Adia"]
[Black "Bes Alvarez, Alex"]
[Result "1-0"]
[WhiteElo "1741"]
[BlackElo "1834"]
[PlyCount "125"]
[EventDate "2018.08.10"]
[EventType "swiss"]
[EventRounds "9"]
[EventCountry "ESP"]
[SourceTitle "Ajedrez en Madrid"]
[Source "lmi"]
[SourceDate "2018.08.10"]
[SourceVersion "1"]
[SourceVersionDate "2019.07.09"]
[SourceQuality "1"]

1. d4 d5 2. c4 e6 3. Nc3 Be7 4. Nf3 Nf6 5. cxd5 exd5 6. Bg5 O-O 7. Qc2 Nbd7 8.
e3 b6 9. Bd3 Bb7 10. O-O c5 11. Rac1 Re8 12. Rfd1 Qc7 13. Bf4 Bd6 14. Nb5 Bxf4
15. Nxc7 Bxc7 16. dxc5 bxc5 17. Bb5 Bd6 18. Ng5 Re7 19. Bd3 h6 20. Nf3 Bc6 21.
Nd4 Rc8 22. Nf5 Re6 23. Nxd6 Rxd6 24. Ba6 Re8 25. Be2 Rde6 26. Bf1 g6 27. Qc3
Ba4 28. b3 Bc6 29. Qa5 Rb8 30. g3 Ne4 31. Bh3 f5 32. Qc7 Kg7 33. Bf1 Rb7 34.
Qd8 Rb8 35. Qa5 Rb7 36. Ba6 Rb8 37. Qc7 Nef6 38. Qa5 Ne4 39. Rc2 g5 40. Bd3 Nd6
41. Bf1 Rb7 42. Bg2 Ne4 43. f3 Nef6 44. Qa3 Kg6 45. Kf2 Rb6 46. Rcd2 Rb7 47.
Qb2 h5 48. Bf1 Rb8 49. Bd3 Re5 50. h3 Rbe8 51. Rc2 g4 52. fxg4 hxg4 53. h4 Ne4+
54. Bxe4 Rxe4 55. a4 d4 56. Re1 Bb7 57. Rcc1 Ba8 58. exd4 cxd4 59. Rxe4 fxe4
60. Qc2 Kh6 61. Qc7 e3+ 62. Kg1 Nf6 63. Qd6 1-0

[Event "2. Open Sant Adria de Besos 2018 - B"]
[Site "Sant Adria de Besos ESP"]
[Date "2018.08.16"]
[Round "9.3"]
[White "Martinez Buendia, Andres"]
[Black "Delgado Prada, Yeray"]
[Result "0-1"]
[WhiteElo "1769"]
[BlackElo "1867"]
[PlyCount "68"]
[EventDate "2018.08.10"]
[EventType "swiss"]
[EventRounds "9"]
[EventCountry "ESP"]
[SourceTitle "Ajedrez en Madrid"]
[Source "lmi"]
[SourceDate "2018.08.10"]
[SourceVersion "1"]
[SourceVersionDate "2019.07.09"]
[SourceQuality "1"]

1. e4 e6 2. d4 d5 3. Bd3 c5 4. exd5 exd5 5. Nf3 Nc6 6. O-O Nf6 7. Re1+ Be7 8.
dxc5 O-O 9. h3 Bxc5 10. Bg5 Qb6 11. Qd2 Ne4 12. Bxe4 dxe4 13. Rxe4 Bf5 14. Re2
Qxb2 15. Qc3 Qxc3 16. Nxc3 Nd4 17. Re5 Bb4 18. Nd5 f6 19. Rxf5 Nxf5 20. Nxb4
fxg5 21. Nxg5 Rac8 22. Rb1 b6 23. g4 Nd4 24. f4 Ne2+ 25. Kh1 Nxf4 26. Rf1 h6
27. Rxf4 Rxf4 28. Nd5 Rf1+ 29. Kg2 Rxc2+ 30. Kxf1 hxg5 31. Nb4 Rb2 32. Nd3 Rxa2
33. Nb4 Ra3 34. Kg2 a5 0-1

[Event "2. Open Sant Adria de Besos 2018 - B"]
[Site "Sant Adria de Besos ESP"]
[Date "2018.08.16"]
[Round "9.5"]
[White "Low, Ethan"]
[Black "Costa Trave, Jaume"]
[Result "1-0"]
[WhiteElo "1858"]
[BlackElo "1791"]
[PlyCount "59"]
[EventDate "2018.08.10"]
[EventType "swiss"]
[EventRounds "9"]
[EventCountry "ESP"]
[SourceTitle "Ajedrez en Madrid"]
[Source "lmi"]
[SourceDate "2018.08.10"]
[SourceVersion "1"]
[SourceVersionDate "2019.07.09"]
[SourceQuality "1"]

1. e4 e5 2. Nf3 d6 3. Bc4 Be7 4. O-O Nd7 5. c3 Nb6 6. Bb3 Bg4 7. d4 Bf6 8. d5
Nh6 9. c4 O-O 10. h3 Bd7 11. Nc3 Kh8 12. Be3 Ng8 13. c5 Nc8 14. Nd2 Be7 15. Nc4
f5 16. f4 exf4 17. Bxf4 dxc5 18. e5 b6 19. Qf3 Rb8 20. Rad1 Bg5 21. e6 Be8 22.
d6 Bxf4 23. e7 Ncxe7 24. dxe7 Qxe7 25. Qxf4 Bc6 26. Ne5 Be8 27. Nd5 Qd6 28.
Nxc7 Qxc7 29. Ng6+ hxg6 30. Qxc7 1-0

[Event "2. Open Sant Adria de Besos 2018 - B"]
[Site "Sant Adria de Besos ESP"]
[Date "2018.08.16"]
[Round "9.6"]
[White "Arroyo Vega, Valenti"]
[Black "Rocher Gonzalez, Vicenc"]
[Result "1-0"]
[WhiteElo "1845"]
[BlackElo "1809"]
[PlyCount "85"]
[EventDate "2018.08.10"]
[EventType "swiss"]
[EventRounds "9"]
[EventCountry "ESP"]
[SourceTitle "Ajedrez en Madrid"]
[Source "lmi"]
[SourceDate "2018.08.10"]
[SourceVersion "1"]
[SourceVersionDate "2019.07.09"]
[SourceQuality "1"]

1. d4 Nf6 2. Bf4 e6 3. e3 c5 4. c3 Qb6 5. Qb3 Nc6 6. Nf3 d6 7. h3 Bd7 8. Nbd2
d5 9. Qxb6 axb6 10. Bc7 c4 11. Bxb6 Ra6 12. Bc7 b5 13. Be2 b4 14. O-O bxc3 15.
bxc3 Ba3 16. Rfb1 O-O 17. Ne1 Ne8 18. Bg3 f5 19. Nc2 g5 20. Nxa3 Rxa3 21. Rb7
Bc8 22. Rb6 Bd7 23. Nb1 Ra5 24. a4 Nd8 25. Bd1 f4 26. exf4 gxf4 27. Bh4 Nf6 28.
f3 Kf7 29. Rb8 Bc6 30. Bg5 Ke8 31. Bxf4 Nd7 32. Bc7 Nxb8 33. Bxa5 Nf7 34. Bc2
Nd7 35. Bb4 Rh8 36. f4 Nf6 37. Nd2 Nh5 38. f5 Kd7 39. fxe6+ Kxe6 40. Re1+ Kf6
41. g4 Nf4 42. Rf1 Kg5 43. Be7+ 1-0

[Event "2. Open Sant Adria de Besos 2018 - B"]
[Site "Sant Adria de Besos ESP"]
[Date "2018.08.16"]
[Round "9.7"]
[White "Losada Ferriz, Joan Manel"]
[Black "Molina Hernandez, Albert"]
[Result "1-0"]
[WhiteElo "1827"]
[BlackElo "1762"]
[PlyCount "73"]
[EventDate "2018.08.10"]
[EventType "swiss"]
[EventRounds "9"]
[EventCountry "ESP"]
[SourceTitle "Ajedrez en Madrid"]
[Source "lmi"]
[SourceDate "2018.08.10"]
[SourceVersion "1"]
[SourceVersionDate "2019.07.09"]
[SourceQuality "1"]

1. e4 c5 2. Nf3 Nc6 3. d4 cxd4 4. Nxd4 e5 5. Nb5 a6 6. Nd6+ Bxd6 7. Qxd6 Qf6 8.
Qxf6 Nxf6 9. Bd3 d5 10. f3 dxe4 11. fxe4 Nb4 12. Bg5 Nxd3+ 13. cxd3 Nd7 14. Nc3
Nc5 15. Nd5 Ne6 16. Be3 Bd7 17. Nb6 Rd8 18. Nxd7 Rxd7 19. Ke2 Ke7 20. Rac1 Rd6
21. Bc5 Nxc5 22. Rxc5 f6 23. Rc7+ Rd7 24. Rxd7+ Kxd7 25. Rc1 Rc8 26. Rxc8 Kxc8
27. d4 exd4 28. Kd3 Kd7 29. Kxd4 Kd6 30. a4 b6 31. b4 Kc6 32. e5 f5 33. h4 g6
34. a5 h6 35. axb6 Kxb6 36. Kd5 Kc7 37. Ke6 1-0

[Event "2. Open Sant Adria de Besos 2018 - B"]
[Site "Sant Adria de Besos ESP"]
[Date "2018.08.16"]
[Round "9.11"]
[White "Clanchet Olle, Josep"]
[Black "Peiron Lluch, Jose Daniel"]
[Result "1/2-1/2"]
[WhiteElo "1696"]
[BlackElo "1805"]
[PlyCount "33"]
[EventDate "2018.08.10"]
[EventType "swiss"]
[EventRounds "9"]
[EventCountry "ESP"]
[SourceTitle "Ajedrez en Madrid"]
[Source "lmi"]
[SourceDate "2018.08.10"]
[SourceVersion "1"]
[SourceVersionDate "2019.07.09"]
[SourceQuality "1"]

1. e4 d5 2. exd5 Nf6 3. d4 Bg4 4. Be2 Bxe2 5. Qxe2 Qxd5 6. Nf3 e6 7. Nc3 Bb4 8.
Bd2 Qa5 9. O-O Nc6 10. a3 Bxc3 11. Bxc3 Qd5 12. Rfe1 O-O-O 13. Rad1 Qh5 14. Ne5
Qxe2 15. Rxe2 Nxe5 16. Rxe5 Rd5 17. a4 1/2-1/2